Регионална библиотека "Любен Каравелов" - Русе

Ново начало (Запис номер 187704)

MARC детайли
000 -Лидер
Контролно поле с фиксирана дължина 01467nam a2200373 c 4500
003 - Код на организацията, давaща контролен номер
Контролно поле BLK
005 - Дата и час на последна редакция
Контролно поле 20250604101911.0
008 - Елементи от данни с фиксирана дължина
fixed length control field 180411b bul|||||r ||||||| ||bul||
010 ## - Наследен системен номер
LC control number KNG00196721000
020 ## - Международен стандартен номер на книга ISBN
Международен стандартен номер на книга ISBN 978-619-157-175-8
-- издат.: Ибис
040 ## - Източник на каталожния запис
Идентификатор на билиотеката - собственик на записа BLK
041 ## - Код за език
Код за езика на текст/звукозапис или на отделно заглавие Български
Код за езика КДБФ Български
072 #7 - Код за тематичната категория
Код организация bullib
Код за тематична категория Н8300
Текст Романтична проза Н
080 ## - УДК
Текстов определител УДК Американска литература (на САЩ)
УДК код - определител по УДК 821.111(73)
УДК определител -31
УДК - код + определител 821.111(73)-31
100 1# - Редна дума - Автор
Автор Ашли, Кристен
Авторска отговорност първи автор
R(LIN) 340267
139 ## - Редно поле
Редна дума Ашли, Кристен
Авторски знак Аш - А 98
245 10 - Сведения за заглавието
Заглавие Ново начало
Подзаглавни данни Роман
Редно поле (дума) Кристен Ашли; прев. Вера Паунова; прев. Гергана Лабова.
257 ## - Страна на издаване
Страна на създаване/издаване Съединени американски щати
260 ## - Област на издателските данни
-- София
Име на издателя, разпространителя и проч. Ибис
Година на издаване 2016
Печатница София : Симолини
300 ## - Физическа характеристика
Страници 622 с.
Размери/Мащаб 21 см
380 ## - Жанр
Жанр Худож. лит.
490 1# - СЕРИИ (Колекции)
Име на серия Колекция Избрани съвременни любовни романи
500 ## - Общи забележки
Забележка Ориг. загл. Soaring / Kristen Ashley.
653 ## - Ключова дума – ненормативна
Ключова дума романтична проза
659 ## - Тематичен бюлетин
Тематичен бюлетин Н
700 1# - Други автори (авторска отговорност)
Лично име Паунова, Вера
Автороска отговорност (Описва отношението между автора и произведението) прев.
9 (RLIN) 371372
700 1# - Други автори (авторска отговорност)
Лично име Лабова, Гергана
Автороска отговорност (Описва отношението между автора и произведението) прев.
9 (RLIN) 86921
852 ## - Местоположение
Форматна сигнатура Цб 283289
856 4# - Електронен адрес и достъп
Електронен формат pdf - файл
Път до файла /url/
856 4# - Електронен адрес и достъп
Електронен формат pdf - файл
Път до файла /url/
942 ## - АРТИКУЛИ
Вид на библиотечния материал Книги
Скрит в OPAC Не
Koha issues (borrowed), all copies 57
944 ## - СЪЗДАВАНЕ И РЕДАКЦИЯ на ЗАПИСА
Създаване/Редакция Създаване
Дата на регистрацията/редакция 23.11.2016
Статус, дата на статуса Цветелина Шанова
Служител, извършил регистрацията/редакцията 30531
944 ## - СЪЗДАВАНЕ И РЕДАКЦИЯ на ЗАПИСА
Създаване/Редакция Редакция
Дата на регистрацията/редакция 16.06.2017
Статус, дата на статуса ф /
Служител, извършил регистрацията/редакцията Пенка_Димитрова
999 ## - СИСТЕМНИ КОНТРОЛНИ НОМЕРА
Koha biblionumber 187704
Koha biblioitemnumber 187704
Наличности
Код за отписване Код за изгубен артикул Източник на класификационната схема Код за повреда Коз за рестрикции Код за отдаване Артикулен № Име на библиотеката - собственик Име на библиотеката, в която се намира в момента Статус (Текущо местоположение) Дата на вписване в системата Местоположение - отдел Цена в лева Инвентарен номер Систематично азбучна сигнатура Баркод Номер на екземпляра Цена в евро Служебна бележка Служебен тип на артикула
  Не е изгубен Universal Decimal Classification Не е повреден без рестрикции заемане за дома 328032 Регионална библиотека "Любен Каравелов" Русе Регионална библиотека "Любен Каравелов" Русе Заемна - подръчен фонд 2016-11-25 Заемна - подръчен фонд 13.97 120000806033 П 820(73)-31/А 98 120000806033 1 7.14 Дост: Pk Вид: Ф N: 752 Дата: 18.11.2016 Дата инв: 28.02.2018 Бележки инв: П2018 Книги
  Не е изгубен   Не е повреден без рестрикции ползва се в читалня 328033 Регионална библиотека "Любен Каравелов" Русе Регионална библиотека "Любен Каравелов" Русе Хранилище 2017-06-14 Хранилище 17.90 120000812238 Цб 283289 120000812238 2 9.15 Дост: Dp Вид: Д N: 20 Дата: 19.04.2017 Книги
Vip Innovations Ltd, Rousse, Bulgaria 2025